<?xml version="1.0" encoding="UTF-8"?>
<marc:record xmlns:marc="http://www.loc.gov/MARC21/slim">
   <marc:leader>00000nam a2200000 a 4500</marc:leader>
   <marc:datafield ind1="1" ind2=" " tag="100">
      <marc:subfield code="a">Brezina, Thomas</marc:subfield>
      <marc:subfield code="4">aut</marc:subfield>
      <marc:subfield code="e">Verfasser/-in</marc:subfield>
   </marc:datafield>
   <marc:datafield ind1=" " ind2=" " tag="653">
      <marc:subfield code="a">Bello Bond</marc:subfield>
   </marc:datafield>
   <marc:datafield ind1="0" ind2="0" tag="245">
      <marc:subfield code="a">Wer hat das weisse Pony gesehen?</marc:subfield>
   </marc:datafield>
   <marc:datafield ind1=" " ind2="1" tag="264">
      <marc:subfield code="b">C. Bertelsmann</marc:subfield>
      <marc:subfield code="c">1996</marc:subfield>
   </marc:datafield>
   <marc:datafield ind1="1" ind2=" " tag="490">
      <marc:subfield code="a">Geheimhund Bello Bond</marc:subfield>
   </marc:datafield>
   <marc:datafield ind1="1" ind2=" " tag="520">
      <marc:subfield code="a">Lina vom Bund der Tierdetektive hat stets ein Auge für besondere Tiere. So fällt ihr auch das weisse Pony auf, das auf der Wiese vor dem Internat grast, dann mal in der Mühle, mal in einem Schuppen angebunden ist und immer wieder verschwindet, wenn sie es jemandem zeigen will. Da ihre Freunde Lux und Bastian mit sich selbst beschäftigt sind, freut sich Lina über die Hilfe des Mitschülers Jochen, bis sie dessen böse Absichten durchschaut und das Pony, das einem kranken Mädchen gehört, und Bello Bond gerade noch im letzten Moment retten kann. Sprache und Druck dieses Bandes sind salopp und nachlässig, die Handlung trotz des Tierschutzmotivs wirklichkeitsfremd. </marc:subfield>
   </marc:datafield>
   <marc:datafield ind1="3" ind2=" " tag="024">
      <marc:subfield code="a">3570124096</marc:subfield>
   </marc:datafield>
</marc:record>
